| 000 | 00460nam a22001457a 4500 | ||
|---|---|---|---|
| 008 | 230404b |||||||| |||| 00| 0 eng d | ||
| 020 | _a978-81-8495-764-8 | ||
| 082 | _a158.1 | ||
| 100 | _aLes Hewitt and Fran Hewitt | ||
| 245 |
_aThe power of focus for women: _bWhat successful women know about conquering challenges and creating change |
||
| 260 |
_bJaico Publishing House, _c2015 |
||
| 300 |
_a308 p. _c21 cm |
||
| 942 | _2ddc | ||
| 999 |
_c9452 _d9453 |
||